Hypotekárne úvery a spôsob ich umorovania bakalárska práca

Saved in:
Bibliographic Details
Main Author: Izáková, Erika
Corporate Author: Fakulta hospodárskej informatiky EU. Katedra matematiky
Other Authors: Pinda, Ľudovít, 1958-
Format: Book
Language:Slovak
Published: Bratislava 2011
Tags: Add Tag
No Tags, Be the first to tag this record!

MARC

LEADER 00000nbm a2200000 4500
001 0141063
005 20161109111731.7
041 0 |a slo 
044 |a SK 
245 1 0 |a Hypotekárne úvery a spôsob ich umorovania  |b bakalárska práca  |c Erika Izáková ; školiteľ: Ľudovít Pinda 
264 1 |a Bratislava  |c 2011 
300 |a 36 s. 
100 1 |a Izáková, Erika 
700 1 |a Pinda, Ľudovít, 1958- 
710 2 |a Fakulta hospodárskej informatiky EU. Katedra matematiky